000 00285nam a22001337a 4500
008 181016b xxu||||| |||| 00| 0 eng d
020 _a9781586635602
041 _aeng
080 _a940
100 _a16
101 _aSHH
245 _aThe Art of War
_cSawyer,R.D
942 _2udc
_cBK
999 _c49916
_d49916